| 000 | 00415nam a2200157Ia 4500 | ||
|---|---|---|---|
| 008 | 221030s9999 xx 000 0 und d | ||
| 020 | _a812241253X | ||
| 041 | _aEnglish | ||
| 082 | _a105.23 | ||
| 100 | _aN. N. Deb | ||
| 245 | 0 |
_aTelecommunication Engineering - Line Communications Vol. I _cby N. N. Deb |
|
| 260 |
_bNew Age International Pub. _aNew Delhi _c2008 |
||
| 300 | _a308 | ||
| 650 | _aECE | ||
| 942 | _cBK | ||
| 999 |
_c8920 _d8920 |
||